[Event "HUN-chT2 Breyer 0910"]
[Site "Hungary"]
[Date "2010.02.28"]
[Round "7"]
[White "Horvath, Gyorgy Attila"]
[Black "Felmery, Mate"]
[Result "1/2-1/2"]
[WhiteElo "1933"]
[BlackElo "1714"]
[PlyCount "55"]
[EventDate "2009.11.08"]
[EventType "team-tourn"]
[EventRounds "11"]
[EventCountry "HUN"]
[SourceTitle "EXT 2011"]
[Source "ChessBase"]
[SourceDate "2010.11.26"]
[SourceVersion "1"]
[SourceVersionDate "2010.11.26"]
[SourceQuality "1"]
[WhiteTeam "MAFC"]
[BlackTeam "Biatorbagy"]
[WhiteTeamCountry "HUN"]
[BlackTeamCountry "HUN"]

1. e4 e5 2. d4 exd4 3. Bc4 Nc6 4. c3 dxc3 5. Nf3 Be7 6. Qd5 Nh6 7. Bxh6 0-0 8. bxc3 gxh6 9. e5 d6 10. exd6 Bxd6 11. 0-0 Qf6 12. Nbd2 Be6 13. Ne4 Qg7 14. Qd3 Rad8 15. Nxd6 Rxd6 16. Qe2 Bh3 17. Nh4 Qg5 18. Kh1 Qxh4 19. gxh3 Rg6 20. Bd3 Rg7 21. Rg1 Qf4 22. Rxg7+ Kxg7 23. Rg1+ Kh8 24. Rg4 Qd6 25. Rg3 Qf4 26. Rg4 Qd6 27. Rg3 Qf4 28. Rg4 1/2-1/2